Lý trong dân ca người Việt
Trình bày cách đặt tên của làn điệu lý, thuộc tính của dị bản làn điệu lý, thể loại của các bài ca dao dân ca chuyển thành lời cho các điệu lý, thủ pháp phổ thơ của làn điệu lý. Nghiên cứu thang âm và điệu thức của lý. Giới thiệu các làn điệu lý...
Shranjeno v:
| Glavni avtor: | |
|---|---|
| Drugi avtorji: | , |
| Format: | Knjiga |
| Jezik: | Vietnamese |
| Izdano: |
H.
Văn hoá dân tộc
2010
|
| Teme: | |
| Oznake: |
Označite
Brez oznak, prvi označite!
|
| Thư viện lưu trữ: | Mạng thư viện Đại học Đà Nẵng |
|---|
| LEADER | 01613aam a22003738a 4500 | ||
|---|---|---|---|
| 001 | 000015944 | ||
| 003 | 12332 | ||
| 005 | 20120606150646.0 | ||
| 008 | 120606s2010 viesd | ||
| 020 | |a 9786047000524 |d 2000b | ||
| 041 | 0 | |a vie | |
| 082 | 1 | 4 | |2 14 |a 781.62 |b LƯ-V |
| 100 | 1 | |a Lư Nhất Vũ | |
| 245 | 1 | 0 | |a Lý trong dân ca người Việt |c S.t., giới thiệu: Lư Nhất Vũ, Lê Giang, Lê Anh Trung |
| 260 | |a H. |b Văn hoá dân tộc |c 2010 | ||
| 300 | |a 665tr. |c 21cm | ||
| 500 | |a ĐTTS ghi: Hội Văn nghệ Dân gian Việt Nam | ||
| 504 | |a Thư mục: tr. 643-647 | ||
| 520 | |a Trình bày cách đặt tên của làn điệu lý, thuộc tính của dị bản làn điệu lý, thể loại của các bài ca dao dân ca chuyển thành lời cho các điệu lý, thủ pháp phổ thơ của làn điệu lý. Nghiên cứu thang âm và điệu thức của lý. Giới thiệu các làn điệu lý | ||
| 650 | 7 | |2 Bộ TK TVQG |a Âm nhạc dân gian | |
| 651 | 7 | |2 Bộ TK TVQG |a Việt Nam | |
| 653 | |a Điệu lí | ||
| 700 | 1 | |a Lê Anh Trung |e s.t., giới thiệu | |
| 700 | 1 | |a Lê Giang |e s.t., giới thiệu | |
| OWN | |a LSP | ||
| AVA | |a UDN50 |b LSP |d 781.62 LƯ-V |e available |t Error 5001 Not defined in file expand_doc_bib_avail. |f 1 |g 0 |h N |i 0 |k 1 | ||
| 999 | |a From the UDN01 | ||
| AVA | |a UDN50 |b LSP |d 781.62 LƯ-V |e available |t Error 5001 Not defined in file expand_doc_bib_avail. |f 1 |g 0 |h N |i 0 |k 1 | ||
| TYP | |a Monograph | ||
| TYP | |a Printed language | ||
| 980 | |a Mạng thư viện Đại học Đà Nẵng | ||


